Investigación de mercados : aplicación en el aula : tercera versión de la experiencia /
Salvato in:
| Autore principale: | |
|---|---|
| Altri autori: | |
| Natura: | Elettronico eBook |
| Lingua: | spagnolo |
| Pubblicazione: |
Santiago de Cali :
Universidad Autónoma de Occidente,
2015.
|
| Edizione: | Primera edición. |
| Serie: | Pre-Textos (Universidad Autónoma de Occidente (Cali, Colombia))
|
| Soggetti: | |
| Accesso online: | Digitalia Hispánica |
| Tags: |
Aggiungi Tag
Nessun Tag, puoi essere il primo ad aggiungerne!!
|
MARC
| LEADER | 00000nam a2200000Ii 4500 | ||
|---|---|---|---|
| 001 | DIGUAOCCTE0101 | ||
| 003 | NyNyDIG | ||
| 006 | m o d | ||
| 007 | cr ||||||||||| | ||
| 008 | 240915s2015 ck a ob 000 0 spa d | ||
| 035 | |a (OCoLC)1456948136 | ||
| 040 | |a DGITA |b eng |e rda |e pn |c DGITA | ||
| 050 | 1 | 4 | |a HF5415.2 ebook |
| 245 | 0 | 0 | |a Investigación de mercados : |b aplicación en el aula : tercera versión de la experiencia / |c orientador, Madeline Melchor Cardona ; investigadores, Daniela Ospina Sevillano [and 8 others]. |
| 250 | |a Primera edición. | ||
| 264 | 1 | |a Santiago de Cali : |b Universidad Autónoma de Occidente, |c 2015. | |
| 300 | |a 1 online resource : |b illustrations. | ||
| 336 | |a text |b txt |2 rdacontent | ||
| 337 | |a computer |b c |2 rdamedia | ||
| 338 | |a online resource |b cr |2 rdacarrier | ||
| 347 | |a text file |2 rdaft | ||
| 347 | |b PDF | ||
| 490 | 1 | |a Pre-Textos, |x 2011-7795 | |
| 504 | |a Includes bibliographical references. | ||
| 588 | 0 | |a Online resource; title from PDF title page (Digitalia, viewed September 15, 2024) | |
| 650 | 0 | |a Marketing research. | |
| 700 | 1 | |a Melchor Cardona, Madeline, |e editor. | |
| 700 | 1 | |a Ospina Sevillano, Daniela, |e author. | |
| 791 | 2 | |a Digitalia (Firm), |e distributor. | |
| 793 | 0 | |g Digitalia eBook Collection: |a Universidad Autónoma de Occidente | |
| 830 | 0 | |a Pre-Textos (Universidad Autónoma de Occidente (Cali, Colombia)) | |
| 856 | 4 | 0 | |3 Digitalia Hispánica |u https://digitalia.unach.elogim.com/a/50970/ |
| 910 | |a Premium collection: 2024 | ||